Margaret mead and samoa : the making and unmaking of an anthropological myth

Αποθηκεύτηκε σε:
Λεπτομέρειες βιβλιογραφικής εγγραφής
Κύριος συγγραφέας: Freeman, Derek
Μορφή: Βιβλίο
Γλώσσα:English
Δημοσίευση: Harmondsworth : Penguin, 1984
Θέματα:
Ετικέτες: Προσθήκη ετικέτας
Δεν υπάρχουν, Καταχωρήστε ετικέτα πρώτοι!

MARC

LEADER 00000nam a2200000 i 4500
001 1/28430
008 960405s1984 eng d
020 |a 0140225552 
035 |l 10023037 
040 |a GR-MY-UA  |b gre  |e aacr 
041 0 |a eng 
082 0 |a 306.7 
100 1 |a Freeman, Derek. 
245 1 0 |a Margaret mead and samoa : the making and unmaking of an anthropological myth 
260 |a Harmondsworth :   |b Penguin,   |c 1984 
300 |a 379 p. 
600 1 0 |a Mead Margaret  |d 1901-1978. 
650 0 0 |a Ethnology  |z Samoan Islands. 
650 0 0 |a Adolescence. 
650 0 0 |a Nature and nurture. 
852 |a INST  |b CHIOS  |e 19960405  |h 306.7 FRE  |p 005200006120  |q 005200006120  |t BK  |y 0 
909 |a Χ  |b 001492